[Event "Chessable Masters - Torneo preliminare"]
[White "Durarbayli, Vasif"]
[Black "Matamoros Franco, Carlos S."]
[WhiteFideId "13402935"]
[BlackFideId "3600017"]
[WhiteElo "2531"]
[BlackElo "2407"]
[Result "0-1"]
[Round "4"]
[TimeControl "600+2"]
[Date "2023.03.13"]
[WhiteClock "0:00:04"]
[BlackClock "0:01:07"]

1. e4 {[%clk 0:10:01]}  d6 {[%clk 0:09:53]} 2. d4 {[%clk 0:10:02]}  Nf6 {[%clk 0:09:54]} 3. Nc3 {[%clk 0:10:03]}  e5 {[%clk 0:09:55]} 4. Nf3 {[%clk 0:10:02]}  Nbd7 {[%clk 0:09:56]} 5. g3 {[%clk 0:09:59]}  Be7 {[%clk 0:09:50]} 6. Bg2 {[%clk 0:09:59]}  c6 {[%clk 0:09:51]} 7. a4 {[%clk 0:09:59]}  O-O {[%clk 0:09:51]} 8. O-O {[%clk 0:09:59]}  Re8 {[%clk 0:09:52]} 9. Re1 {[%clk 0:09:58]}  Bf8 {[%clk 0:09:53]} 10. h3 {[%clk 0:09:59]}  b6 {[%clk 0:09:53]} 11. Be3 {[%clk 0:09:50]}  Bb7 {[%clk 0:09:52]} 12. g4 {[%clk 0:09:31]}  h6 {[%clk 0:09:34]} 13. Qd2 {[%clk 0:07:42]}  a6 {[%clk 0:09:21]} 14. Rad1 {[%clk 0:07:38]}  b5 {[%clk 0:09:03]} 15. dxe5 {[%clk 0:07:38]}  dxe5 {[%clk 0:08:52]} 16. axb5 {[%clk 0:07:04]}  axb5 {[%clk 0:08:50]} 17. Ne2 {[%clk 0:06:58]}  Qc7 {[%clk 0:08:21]} 18. Ng3 {[%clk 0:06:54]}  Nc5 {[%clk 0:08:21]} 19. Nh4 {[%clk 0:06:43]}  Ne6 {[%clk 0:08:07]} 20. Nhf5 {[%clk 0:06:29]}  Nf4 {[%clk 0:07:17]} 21. Qc3 {[%clk 0:04:42]}  b4 {[%clk 0:06:44]} 22. Qd2 {[%clk 0:04:30]}  Rad8 {[%clk 0:06:18]} 23. Qc1 {[%clk 0:04:29]}  c5 {[%clk 0:05:54]} 24. Rxd8 {[%clk 0:03:56]}  Rxd8 {[%clk 0:05:49]} 25. f3 {[%clk 0:03:22]}  g6 {[%clk 0:05:42]} 26. Nh4 {[%clk 0:03:15]}  Be7 {[%clk 0:05:42]} 27. Ne2 {[%clk 0:03:03]}  Nxe2+ {[%clk 0:03:35]} 28. Rxe2 {[%clk 0:03:02]}  Nh7 {[%clk 0:03:31]} 29. Qe1 {[%clk 0:01:52]}  Ng5 {[%clk 0:03:28]} 30. Bf1 {[%clk 0:01:36]}  c4 {[%clk 0:03:10]} 31. Rd2 {[%clk 0:01:14]}  Rxd2 {[%clk 0:02:57]} 32. Bxd2 {[%clk 0:01:11]}  Qd8 {[%clk 0:02:34]} 33. Bxg5 {[%clk 0:00:29]}  Bxg5 {[%clk 0:02:27]} 34. Ng2 {[%clk 0:00:31]}  Qd4+ {[%clk 0:02:27]} 35. Qf2 {[%clk 0:00:32]}  Qxb2 {[%clk 0:01:38]} 36. Bxc4 {[%clk 0:00:33]}  Qc3 {[%clk 0:01:39]} 37. Bb3 {[%clk 0:00:20]}  Be7 {[%clk 0:01:39]} 38. Kh2 {[%clk 0:00:20]}  Bc5 {[%clk 0:01:40]} 39. Qe2 {[%clk 0:00:15]}  Qd4 {[%clk 0:01:18]} 40. h4 {[%clk 0:00:09]}  Qg1+ {[%clk 0:01:12]} 41. Kh3 {[%clk 0:00:10]}  Bf2 {[%clk 0:01:13]} 42. Bxf7+ {[%clk 0:00:03]}  Kg7 {[%clk 0:01:08]} 43. g5 {[%clk 0:00:04]}  Bc8+ {[%clk 0:01:07]} 0-1


[Site "Internet"]

[Event "Chessable Masters - Torneo preliminare"]
[White "Drygalov, Sergey"]
[Black "Salgado Lopez, Ivan"]
[WhiteFideId "24171743"]
[BlackFideId "2257327"]
[WhiteElo "2461"]
[BlackElo "2554"]
[Result "1-0"]
[Round "4"]
[TimeControl "600+2"]
[Date "2023.03.13"]
[WhiteClock "0:01:12"]
[BlackClock "0:00:36"]

1. d4 {[%clk 0:10:01]}  Nf6 {[%clk 0:09:58]} 2. c4 {[%clk 0:10:02]}  e6 {[%clk 0:09:59]} 3. Nf3 {[%clk 0:10:03]}  d5 {[%clk 0:10:00]} 4. Nc3 {[%clk 0:10:04]}  a6 {[%clk 0:10:00]} 5. cxd5 {[%clk 0:10:01]}  exd5 {[%clk 0:10:01]} 6. Bg5 {[%clk 0:10:02]}  Be6 {[%clk 0:10:01]} 7. e3 {[%clk 0:09:59]}  Nbd7 {[%clk 0:10:02]} 8. Bd3 {[%clk 0:09:51]}  h6 {[%clk 0:10:01]} 9. Bh4 {[%clk 0:09:43]}  g5 {[%clk 0:10:02]} 10. Bg3 {[%clk 0:09:44]}  Nh5 {[%clk 0:10:01]} 11. Qc2 {[%clk 0:09:29]}  Nxg3 {[%clk 0:09:48]} 12. hxg3 {[%clk 0:09:29]}  Bg7 {[%clk 0:09:31]} 13. O-O {[%clk 0:09:03]}  O-O {[%clk 0:09:05]} 14. Bh7+ {[%clk 0:08:07]}  Kh8 {[%clk 0:09:03]} 15. Bf5 {[%clk 0:08:08]}  c6 {[%clk 0:09:01]} 16. g4 {[%clk 0:08:07]}  Qf6 {[%clk 0:08:54]} 17. Ne2 {[%clk 0:08:02]}  Bxf5 {[%clk 0:08:52]} 18. Qxf5 {[%clk 0:07:28]}  Qxf5 {[%clk 0:08:48]} 19. gxf5 {[%clk 0:07:30]}  Rfe8 {[%clk 0:08:27]} 20. Rac1 {[%clk 0:07:08]}  Bf8 {[%clk 0:08:26]} 21. g3 {[%clk 0:06:59]}  Bd6 {[%clk 0:08:20]} 22. Kg2 {[%clk 0:06:59]}  Kg7 {[%clk 0:08:21]} 23. Rcd1 {[%clk 0:05:57]}  a5 {[%clk 0:07:48]} 24. Nc1 {[%clk 0:05:43]}  Kf6 {[%clk 0:07:19]} 25. Rh1 {[%clk 0:05:42]}  Rh8 {[%clk 0:07:12]} 26. g4 {[%clk 0:04:27]}  h5 {[%clk 0:07:00]} 27. Rxh5 {[%clk 0:04:15]}  Rxh5 {[%clk 0:06:59]} 28. gxh5 {[%clk 0:04:16]}  Kxf5 {[%clk 0:07:00]} 29. Rh1 {[%clk 0:03:40]}  Rh8 {[%clk 0:06:57]} 30. Nd3 {[%clk 0:03:30]}  f6 {[%clk 0:06:49]} 31. Nd2 {[%clk 0:03:20]}  g4 {[%clk 0:06:06]} 32. f3 {[%clk 0:03:14]}  gxf3+ {[%clk 0:05:44]} 33. Kxf3 {[%clk 0:03:07]}  Kg5 {[%clk 0:05:36]} 34. Rg1+ {[%clk 0:03:08]}  Kh6 {[%clk 0:05:36]} 35. e4 {[%clk 0:02:22]}  Re8 {[%clk 0:04:23]} 36. exd5 {[%clk 0:02:17]}  cxd5 {[%clk 0:04:19]} 37. Nf1 {[%clk 0:02:18]}  Kxh5 {[%clk 0:03:54]} 38. Ne3 {[%clk 0:02:17]}  f5 {[%clk 0:03:29]} 39. Nxd5 {[%clk 0:02:14]}  Re4 {[%clk 0:02:41]} 40. N3f4+ {[%clk 0:01:58]}  Bxf4 {[%clk 0:02:24]} 41. Nxf4+ {[%clk 0:02:00]}  Kh6 {[%clk 0:02:20]} 42. Rg6+ {[%clk 0:02:00]}  Kh7 {[%clk 0:02:20]} 43. Rd6 {[%clk 0:02:01]}  Nf8 {[%clk 0:02:09]} 44. Rf6 {[%clk 0:01:18]}  Kg7 {[%clk 0:00:58]} 45. Rxf5 {[%clk 0:01:19]}  Rxd4 {[%clk 0:00:56]} 46. Rxf8 {[%clk 0:01:14]}  Rd2 {[%clk 0:00:38]} 47. Rf5 {[%clk 0:01:12]}  Rxb2 {[%clk 0:00:32]} 48. Rxa5 {[%clk 0:01:12]}  b6 {[%clk 0:00:34]} 49. Ra6 {[%clk 0:01:10]}  b5 {[%clk 0:00:35]} 50. Ke3 {[%clk 0:01:10]}  b4 {[%clk 0:00:34]} 51. Nd3 {[%clk 0:01:12]}  Rb1 {[%clk 0:00:36]} 52. Rb6 {[%clk 0:01:12]} 1-0


[Site "Internet"]

[Event "Chessable Masters - Torneo preliminare"]
[White "Hammer, Jon Ludvig"]
[Black "Tregubov, Pavel V."]
[WhiteFideId "1503707"]
[BlackFideId "4115341"]
[WhiteElo "2647"]
[BlackElo "2522"]
[Result "1/2-1/2"]
[Round "4"]
[TimeControl "600+2"]
[Date "2023.03.13"]
[WhiteClock "0:05:30"]
[BlackClock "0:06:00"]

1. d4 {[%clk 0:09:50]}  Nf6 {[%clk 0:09:58]} 2. c4 {[%clk 0:09:48]}  e6 {[%clk 0:09:59]} 3. Nc3 {[%clk 0:09:48]}  Bb4 {[%clk 0:10:00]} 4. e3 {[%clk 0:09:48]}  b6 {[%clk 0:09:59]} 5. Ne2 {[%clk 0:09:39]}  Ne4 {[%clk 0:09:56]} 6. Qc2 {[%clk 0:09:39]}  Bb7 {[%clk 0:09:57]} 7. a3 {[%clk 0:09:38]}  Bxc3+ {[%clk 0:09:58]} 8. Nxc3 {[%clk 0:09:40]}  Nxc3 {[%clk 0:10:00]} 9. Qxc3 {[%clk 0:09:41]}  d6 {[%clk 0:10:01]} 10. d5 {[%clk 0:09:19]}  O-O {[%clk 0:09:52]} 11. b4 {[%clk 0:08:16]}  a5 {[%clk 0:09:52]} 12. Bb2 {[%clk 0:08:14]}  Qg5 {[%clk 0:09:53]} 13. h4 {[%clk 0:08:09]}  axb4 {[%clk 0:09:54]} 14. axb4 {[%clk 0:07:50]}  Rxa1+ {[%clk 0:09:54]} 15. Bxa1 {[%clk 0:07:52]}  Qg6 {[%clk 0:09:55]} 16. Rh3 {[%clk 0:07:23]}  Qb1+ {[%clk 0:09:44]} 17. Kd2 {[%clk 0:07:21]}  e5 {[%clk 0:09:36]} 18. Bd3 {[%clk 0:06:35]}  Qg1 {[%clk 0:09:16]} 19. Ke2 {[%clk 0:06:36]}  Nd7 {[%clk 0:09:02]} 20. Qe1 {[%clk 0:05:29]}  Qxg2 {[%clk 0:08:07]} 21. Bf5 {[%clk 0:05:27]}  Nf6 {[%clk 0:05:56]} 22. Rg3 {[%clk 0:05:26]}  Qh2 {[%clk 0:05:56]} 23. Rh3 {[%clk 0:05:27]}  Qg2 {[%clk 0:05:57]} 24. Rg3 {[%clk 0:05:29]}  Qh2 {[%clk 0:05:59]} 25. Rh3 {[%clk 0:05:30]}  Qg2 {[%clk 0:06:00]} 1/2-1/2


[Site "Internet"]

[Event "Chessable Masters - Torneo preliminare"]
[White "Darini, Pouria"]
[Black "Ibarra Jerez, Jose Carlos"]
[WhiteFideId "12502200"]
[BlackFideId "2226332"]
[WhiteElo "2573"]
[BlackElo "2546"]
[Result "1-0"]
[Round "4"]
[TimeControl "600+2"]
[Date "2023.03.13"]
[WhiteClock "0:01:38"]
[BlackClock "0:02:09"]

1. e4 {[%clk 0:10:00]}  c5 {[%clk 0:10:00]} 2. Nf3 {[%clk 0:10:00]}  Nc6 {[%clk 0:10:01]} 3. Bb5 {[%clk 0:10:01]}  e6 {[%clk 0:10:02]} 4. O-O {[%clk 0:09:55]}  Nge7 {[%clk 0:10:02]} 5. b3 {[%clk 0:09:55]}  Nd4 {[%clk 0:10:01]} 6. Nxd4 {[%clk 0:09:53]}  cxd4 {[%clk 0:10:03]} 7. Bb2 {[%clk 0:09:49]}  a6 {[%clk 0:10:04]} 8. Be2 {[%clk 0:09:48]}  Nc6 {[%clk 0:10:04]} 9. c3 {[%clk 0:09:46]}  Bc5 {[%clk 0:10:02]} 10. b4 {[%clk 0:09:45]}  Ba7 {[%clk 0:09:50]} 11. a4 {[%clk 0:09:46]}  dxc3 {[%clk 0:09:34]} 12. dxc3 {[%clk 0:09:38]}  O-O {[%clk 0:09:26]} 13. b5 {[%clk 0:09:18]}  Ne5 {[%clk 0:09:14]} 14. Ba3 {[%clk 0:08:19]}  Re8 {[%clk 0:09:05]} 15. Bd6 {[%clk 0:08:20]}  f6 {[%clk 0:08:33]} 16. Na3 {[%clk 0:08:07]}  axb5 {[%clk 0:07:32]} 17. Nxb5 {[%clk 0:08:02]}  Bb6 {[%clk 0:07:33]} 18. Qd2 {[%clk 0:06:02]}  Nf7 {[%clk 0:07:12]} 19. Rfd1 {[%clk 0:05:53]}  Ba5 {[%clk 0:06:58]} 20. Bg3 {[%clk 0:05:03]}  Ra6 {[%clk 0:06:29]} 21. Nd4 {[%clk 0:05:03]}  Rb6 {[%clk 0:06:09]} 22. Bb5 {[%clk 0:04:57]}  Nd6 {[%clk 0:05:32]} 23. Qd3 {[%clk 0:04:47]}  Qc7 {[%clk 0:04:40]} 24. Nb3 {[%clk 0:04:36]}  Qxc3 {[%clk 0:04:29]} 25. Nxa5 {[%clk 0:04:06]}  Nxb5 {[%clk 0:04:04]} 26. axb5 {[%clk 0:04:07]}  Qxd3 {[%clk 0:04:00]} 27. Rxd3 {[%clk 0:04:07]}  Rxb5 {[%clk 0:04:01]} 28. Nc4 {[%clk 0:04:07]}  Rc5 {[%clk 0:04:02]} 29. Nd6 {[%clk 0:04:06]}  Rf8 {[%clk 0:04:03]} 30. Rb3 {[%clk 0:03:41]}  e5 {[%clk 0:03:47]} 31. Rb6 {[%clk 0:03:31]}  g6 {[%clk 0:03:31]} 32. f3 {[%clk 0:03:32]}  Kg7 {[%clk 0:03:22]} 33. Bf2 {[%clk 0:03:33]}  Rc2 {[%clk 0:03:22]} 34. g4 {[%clk 0:03:25]}  Rh8 {[%clk 0:03:19]} 35. Rd1 {[%clk 0:02:40]}  Rc7 {[%clk 0:03:12]} 36. Be3 {[%clk 0:02:35]}  h6 {[%clk 0:03:04]} 37. Rc1 {[%clk 0:02:35]}  Rc6 {[%clk 0:03:00]} 38. h4 {[%clk 0:02:13]}  Rf8 {[%clk 0:02:52]} 39. h5 {[%clk 0:02:09]}  g5 {[%clk 0:02:51]} 40. Kf2 {[%clk 0:02:07]}  Rd8 {[%clk 0:02:48]} 41. Ke2 {[%clk 0:02:08]}  Kf8 {[%clk 0:02:49]} 42. Rd1 {[%clk 0:01:46]}  Kg7 {[%clk 0:02:34]} 43. Nf5+ {[%clk 0:01:46]}  Kh7 {[%clk 0:02:36]} 44. Rd6 {[%clk 0:01:47]}  Rf8 {[%clk 0:02:33]} 45. Kd3 {[%clk 0:01:47]}  Rf7 {[%clk 0:02:27]} 46. Bd2 {[%clk 0:01:47]}  Rf8 {[%clk 0:02:27]} 47. Bb4 {[%clk 0:01:48]}  Rf7 {[%clk 0:02:28]} 48. Ba3 {[%clk 0:01:49]}  Kh8 {[%clk 0:02:10]} 49. Nxh6 {[%clk 0:01:47]}  Rg7 {[%clk 0:02:07]} 50. Rxf6 {[%clk 0:01:38]}  Kh7 {[%clk 0:02:08]} 51. Nf5 {[%clk 0:01:38]}  Rg8 {[%clk 0:02:09]} 1-0


[Site "Internet"]

[Event "Chessable Masters - Torneo preliminare"]
[White "Pranav, V"]
[Black "Wagner, Dennis"]
[WhiteFideId "25060783"]
[BlackFideId "24650684"]
[WhiteElo "2462"]
[BlackElo "2456"]
[Result "0-1"]
[Round "4"]
[TimeControl "600+2"]
[Date "2023.03.13"]
[WhiteClock "0:00:02"]
[BlackClock "0:00:16"]

1. e4 {[%clk 0:10:01]}  e5 {[%clk 0:10:00]} 2. Nf3 {[%clk 0:10:02]}  Nc6 {[%clk 0:10:02]} 3. Bb5 {[%clk 0:10:02]}  a6 {[%clk 0:10:02]} 4. Ba4 {[%clk 0:10:02]}  Nf6 {[%clk 0:10:04]} 5. O-O {[%clk 0:10:02]}  Be7 {[%clk 0:10:03]} 6. d3 {[%clk 0:10:03]}  b5 {[%clk 0:09:59]} 7. Bb3 {[%clk 0:10:04]}  d6 {[%clk 0:10:01]} 8. c3 {[%clk 0:09:56]}  O-O {[%clk 0:09:46]} 9. Nbd2 {[%clk 0:09:56]}  Na5 {[%clk 0:09:40]} 10. Bc2 {[%clk 0:09:56]}  c5 {[%clk 0:09:42]} 11. Re1 {[%clk 0:09:58]}  Nc6 {[%clk 0:09:39]} 12. Nf1 {[%clk 0:09:59]}  h6 {[%clk 0:09:38]} 13. Ng3 {[%clk 0:09:59]}  Re8 {[%clk 0:09:38]} 14. h3 {[%clk 0:10:00]}  Bf8 {[%clk 0:09:39]} 15. a4 {[%clk 0:09:59]}  Be6 {[%clk 0:09:30]} 16. Nh2 {[%clk 0:09:59]}  d5 {[%clk 0:09:07]} 17. Qf3 {[%clk 0:09:58]}  Rc8 {[%clk 0:08:20]} 18. axb5 {[%clk 0:09:27]}  axb5 {[%clk 0:08:19]} 19. exd5 {[%clk 0:09:29]}  Bxd5 {[%clk 0:07:44]} 20. Ne4 {[%clk 0:09:28]}  Nxe4 {[%clk 0:07:40]} 21. dxe4 {[%clk 0:09:28]}  Be6 {[%clk 0:07:42]} 22. Ng4 {[%clk 0:09:23]}  Bxg4 {[%clk 0:07:09]} 23. Qxg4 {[%clk 0:09:21]}  Qf6 {[%clk 0:06:59]} 24. Be3 {[%clk 0:09:05]}  Ra8 {[%clk 0:06:59]} 25. Rad1 {[%clk 0:09:00]}  c4 {[%clk 0:06:26]} 26. Rd5 {[%clk 0:08:07]}  Rab8 {[%clk 0:06:26]} 27. Red1 {[%clk 0:07:50]}  Qe6 {[%clk 0:06:27]} 28. Qf3 {[%clk 0:07:38]}  Red8 {[%clk 0:06:13]} 29. R1d2 {[%clk 0:07:25]}  Be7 {[%clk 0:05:59]} 30. Qg3 {[%clk 0:07:07]}  Bd6 {[%clk 0:05:35]} 31. Rd1 {[%clk 0:06:04]}  Ne7 {[%clk 0:05:32]} 32. R5d2 {[%clk 0:05:59]}  Bc7 {[%clk 0:05:20]} 33. Ra1 {[%clk 0:05:52]}  Rxd2 {[%clk 0:05:03]} 34. Bxd2 {[%clk 0:05:54]}  Bb6 {[%clk 0:05:02]} 35. Be3 {[%clk 0:05:35]}  Bxe3 {[%clk 0:04:59]} 36. Qxe3 {[%clk 0:05:37]}  Ng6 {[%clk 0:04:55]} 37. Bd1 {[%clk 0:05:06]}  Nf4 {[%clk 0:04:50]} 38. Bg4 {[%clk 0:05:06]}  Qd6 {[%clk 0:04:33]} 39. Qa7 {[%clk 0:04:15]}  h5 {[%clk 0:04:16]} 40. Bf3 {[%clk 0:04:05]}  Rf8 {[%clk 0:03:32]} 41. Rd1 {[%clk 0:03:35]}  Qg6 {[%clk 0:03:22]} 42. Kh2 {[%clk 0:03:35]}  Nd3 {[%clk 0:03:17]} 43. b4 {[%clk 0:03:02]}  Qc6 {[%clk 0:03:07]} 44. Qe3 {[%clk 0:02:59]}  g6 {[%clk 0:03:00]} 45. g3 {[%clk 0:02:50]}  Ra8 {[%clk 0:02:15]} 46. Be2 {[%clk 0:02:47]}  Ra3 {[%clk 0:02:07]} 47. Bxd3 {[%clk 0:01:42]}  Rxc3 {[%clk 0:02:07]} 48. Qe2 {[%clk 0:01:43]}  cxd3 {[%clk 0:02:04]} 49. Rxd3 {[%clk 0:01:45]}  Qc4 {[%clk 0:01:16]} 50. Rd8+ {[%clk 0:01:34]}  Kg7 {[%clk 0:01:17]} 51. Qd2 {[%clk 0:01:01]}  Rc2 {[%clk 0:01:08]} 52. Qe3 {[%clk 0:01:02]}  Qxb4 {[%clk 0:01:05]} 53. Rd5 {[%clk 0:00:44]}  Qb2 {[%clk 0:00:59]} 54. Kg2 {[%clk 0:00:43]}  b4 {[%clk 0:01:00]} 55. Rd6 {[%clk 0:00:39]}  Qc3 {[%clk 0:00:24]} 56. Rd3 {[%clk 0:00:26]}  Qc5 {[%clk 0:00:20]} 57. Qf3 {[%clk 0:00:25]}  Rc3 {[%clk 0:00:21]} 58. Qd1 {[%clk 0:00:09]}  Qc4 {[%clk 0:00:18]} 59. Rd7 {[%clk 0:00:03]}  Qxe4+ {[%clk 0:00:19]} 60. Kh2 {[%clk 0:00:04]}  Qf3 {[%clk 0:00:19]} 61. Qd2 {[%clk 0:00:04]}  b3 {[%clk 0:00:17]} 62. Re7 {[%clk 0:00:02]}  Rc2 {[%clk 0:00:16]} 0-1


[Site "Internet"]

[Event "Chessable Masters - Torneo preliminare"]
[White "Lobanov, Sergei"]
[Black "Maghsoodloo, Parham"]
[WhiteFideId "24183750"]
[BlackFideId "12539929"]
[WhiteElo "2436"]
[BlackElo "2660"]
[Result "1-0"]
[Round "4"]
[TimeControl "600+2"]
[Date "2023.03.13"]
[WhiteClock "0:03:47"]
[BlackClock "0:04:07"]

1. d4 {[%clk 0:09:59]}  Nf6 {[%clk 0:10:00]} 2. c4 {[%clk 0:10:00]}  e6 {[%clk 0:10:00]} 3. Nc3 {[%clk 0:10:01]}  Bb4 {[%clk 0:10:01]} 4. e3 {[%clk 0:10:02]}  O-O {[%clk 0:10:01]} 5. Bd3 {[%clk 0:10:03]}  d5 {[%clk 0:10:02]} 6. a3 {[%clk 0:10:03]}  Bxc3+ {[%clk 0:10:02]} 7. bxc3 {[%clk 0:10:04]}  dxc4 {[%clk 0:10:03]} 8. Bxc4 {[%clk 0:10:05]}  c5 {[%clk 0:10:03]} 9. Ne2 {[%clk 0:10:06]}  Nc6 {[%clk 0:10:04]} 10. O-O {[%clk 0:09:53]}  b6 {[%clk 0:10:04]} 11. f3 {[%clk 0:09:06]}  e5 {[%clk 0:10:05]} 12. d5 {[%clk 0:08:56]}  Na5 {[%clk 0:10:05]} 13. Ba2 {[%clk 0:08:58]}  e4 {[%clk 0:10:00]} 14. c4 {[%clk 0:08:36]}  Ba6 {[%clk 0:09:53]} 15. Qc2 {[%clk 0:08:14]}  Re8 {[%clk 0:09:18]} 16. Bb2 {[%clk 0:08:01]}  exf3 {[%clk 0:09:17]} 17. Rxf3 {[%clk 0:08:02]}  Ne4 {[%clk 0:09:13]} 18. Raf1 {[%clk 0:06:55]}  f6 {[%clk 0:09:12]} 19. Ng3 {[%clk 0:06:22]}  Qe7 {[%clk 0:07:57]} 20. Bb1 {[%clk 0:05:01]}  Ng5 {[%clk 0:07:58]} 21. h4 {[%clk 0:04:46]}  Nxf3+ {[%clk 0:07:58]} 22. Rxf3 {[%clk 0:04:47]}  g6 {[%clk 0:07:30]} 23. Rxf6 {[%clk 0:04:47]}  Qxe3+ {[%clk 0:07:26]} 24. Kh2 {[%clk 0:04:47]}  Qh6 {[%clk 0:07:19]} 25. Nf5 {[%clk 0:03:51]}  Qh5 {[%clk 0:04:02]} 26. Qc3 {[%clk 0:03:45]}  Re2 {[%clk 0:04:03]} 27. Rf8+ {[%clk 0:03:42]}  Kxf8 {[%clk 0:04:04]} 28. Qg7+ {[%clk 0:03:44]}  Ke8 {[%clk 0:04:05]} 29. Nd6+ {[%clk 0:03:46]}  Kd8 {[%clk 0:04:07]} 30. Bf6+ {[%clk 0:03:47]} 1-0


[Site "Internet"]

[Event "Chessable Masters - Torneo preliminare"]
[White "Henriquez Villagra, Cristobal"]
[Black "Predke, Alexandr"]
[WhiteFideId "3409350"]
[BlackFideId "24107581"]
[WhiteElo "2574"]
[BlackElo "2582"]
[Result "1-0"]
[Round "4"]
[TimeControl "600+2"]
[Date "2023.03.13"]
[WhiteClock "0:01:02"]
[BlackClock "0:00:36"]

1. e4 {[%clk 0:10:01]}  c5 {[%clk 0:10:00]} 2. Nf3 {[%clk 0:10:02]}  e6 {[%clk 0:10:01]} 3. g3 {[%clk 0:09:38]}  Nc6 {[%clk 0:10:00]} 4. Bg2 {[%clk 0:09:38]}  Nf6 {[%clk 0:10:01]} 5. d3 {[%clk 0:09:35]}  d6 {[%clk 0:10:01]} 6. O-O {[%clk 0:09:32]}  Be7 {[%clk 0:10:02]} 7. Nc3 {[%clk 0:09:23]}  O-O {[%clk 0:10:03]} 8. a3 {[%clk 0:09:19]}  Rb8 {[%clk 0:09:51]} 9. Rb1 {[%clk 0:09:14]}  b6 {[%clk 0:09:37]} 10. b4 {[%clk 0:09:09]}  Bb7 {[%clk 0:09:39]} 11. b5 {[%clk 0:08:58]}  Nd4 {[%clk 0:09:34]} 12. Re1 {[%clk 0:07:28]}  Nd7 {[%clk 0:09:21]} 13. Bb2 {[%clk 0:07:19]}  Bf6 {[%clk 0:09:19]} 14. a4 {[%clk 0:07:20]}  Rc8 {[%clk 0:09:04]} 15. Nd2 {[%clk 0:07:09]}  Qc7 {[%clk 0:08:53]} 16. Na2 {[%clk 0:07:00]}  e5 {[%clk 0:08:36]} 17. h4 {[%clk 0:06:56]}  g6 {[%clk 0:08:36]} 18. Nc3 {[%clk 0:06:50]}  Bg7 {[%clk 0:08:35]} 19. Nc4 {[%clk 0:06:52]}  Nf6 {[%clk 0:08:35]} 20. Bc1 {[%clk 0:06:50]}  Ne6 {[%clk 0:08:22]} 21. Bg5 {[%clk 0:06:42]}  Rce8 {[%clk 0:08:12]} 22. a5 {[%clk 0:06:31]}  Nd7 {[%clk 0:07:52]} 23. Bd2 {[%clk 0:06:16]}  f5 {[%clk 0:07:46]} 24. axb6 {[%clk 0:05:56]}  axb6 {[%clk 0:07:46]} 25. Ra1 {[%clk 0:05:53]}  f4 {[%clk 0:07:19]} 26. Ra7 {[%clk 0:05:49]}  Nf6 {[%clk 0:06:39]} 27. gxf4 {[%clk 0:04:25]}  Nh5 {[%clk 0:06:17]} 28. Nd5 {[%clk 0:04:08]}  Qb8 {[%clk 0:06:05]} 29. Rxb7 {[%clk 0:04:09]}  Qxb7 {[%clk 0:06:07]} 30. Nxd6 {[%clk 0:04:11]}  Qd7 {[%clk 0:06:05]} 31. Nxe8 {[%clk 0:04:09]}  Qxe8 {[%clk 0:06:07]} 32. f5 {[%clk 0:03:48]}  Nef4 {[%clk 0:05:56]} 33. Nxf4 {[%clk 0:02:25]}  Nxf4 {[%clk 0:05:57]} 34. Qg4 {[%clk 0:02:26]}  Qxb5 {[%clk 0:05:31]} 35. Bxf4 {[%clk 0:02:23]}  exf4 {[%clk 0:05:33]} 36. fxg6 {[%clk 0:02:24]}  hxg6 {[%clk 0:05:27]} 37. e5 {[%clk 0:02:17]}  Qb4 {[%clk 0:04:45]} 38. Re4 {[%clk 0:01:56]}  Qb1+ {[%clk 0:04:45]} 39. Kh2 {[%clk 0:01:56]}  f3 {[%clk 0:04:33]} 40. Bxf3 {[%clk 0:01:46]}  Qxc2 {[%clk 0:04:26]} 41. Kg2 {[%clk 0:01:47]}  Qxd3 {[%clk 0:04:20]} 42. e6 {[%clk 0:01:47]}  Re8 {[%clk 0:01:46]} 43. Qxg6 {[%clk 0:01:26]}  Re7 {[%clk 0:01:43]} 44. Bg4 {[%clk 0:01:26]}  Qc3 {[%clk 0:01:18]} 45. Rf4 {[%clk 0:01:08]}  Qe5 {[%clk 0:00:39]} 46. Rf7 {[%clk 0:01:02]}  Rxf7 {[%clk 0:00:38]} 47. Qxf7+ {[%clk 0:01:03]}  Kh7 {[%clk 0:00:36]} 48. Bf5+ {[%clk 0:01:02]} 1-0


[Site "Internet"]